00337nam a2200109Ia 4500008004100000082000800041100001400049245004600063942000600109952009700115999001500212240331s9999 xx 000 0 und d bROH aRohini, M 0aUrimai porattathil uyir neetha thiyagigal cL 001040708LaWERCLbWERCLcSSCd2024-03-31l0o 322.2 ROHp5141r2024-03-31w2024-03-31yL c2361d2361